| 000 | 00448nam a2200157Ia 4500 | ||
|---|---|---|---|
| 005 | 20250325134309.0 | ||
| 008 | 231217s9999 xx 000 0 und d | ||
| 020 | _a9788120332072 | ||
| 082 | _a001.6424WIN SHA;1 R | ||
| 100 | _aSharp, John. | ||
| 245 | 0 | _aMicrosoft windows communication foundation step by step | |
| 260 |
_c2007 _bPHI _aNew Delhi |
||
| 300 | _axxvi, 415 | ||
| 650 | _aMicrosoft,windows,communication,step,step | ||
| 942 | _cAA | ||
| 999 |
_c185726 _d185726 |
||